Eliminate Negative Thinking / Derick Howell (Record no. 588850)
[ view plain ]
| 000 -LEADER | |
|---|---|
| fixed length control field | 01199nam a22001937a 4500 |
| 003 - CONTROL NUMBER IDENTIFIER | |
| control field | NUST |
| 005 - DATE AND TIME OF LATEST TRANSACTION | |
| control field | 20220318114407.0 |
| 008 - FIXED-LENGTH DATA ELEMENTS--GENERAL INFORMATION | |
| fixed length control field | 220318b ||||| |||| 00| 0 eng d |
| 020 ## - INTERNATIONAL STANDARD BOOK NUMBER | |
| International Standard Book Number | 9781647800840 |
| 022 ## - INTERNATIONAL STANDARD SERIAL NUMBER | |
| Source | 9781647800840 |
| 038 ## - RECORD CONTENT LICENSOR | |
| Staff Name | SAIF |
| 040 ## - CATALOGING SOURCE | |
| Original cataloging agency | DLC |
| 082 ## - DEWEY DECIMAL CLASSIFICATION NUMBER | |
| Classification number | 155.9042 |
| Author Mark | HOW |
| 245 ## - TITLE STATEMENT | |
| Title | Eliminate Negative Thinking / Derick Howell |
| Remainder of title | How to Overcome Negativity, Control Your Thoughts, And Stop Overthinking. Shift Your Focus into Positive Thinking, Self-Acceptance, And Radical Self Love |
| 260 ## - PUBLICATION, DISTRIBUTION, ETC. | |
| Date of publication, distribution, etc. | 2020 |
| 500 ## - GENERAL NOTE | |
| General note | Negative emotions rebound in the body. The psychosocial burden of harmful thoughts in the form of stress or depression can even be measured in the laboratory.<br/><br/>A negative mindset is characterized by thoughts taking on a life of their own and focusing only on the worst aspects of things, events, and people. Even optimistic natures can easily fall into this trap.<br/>As scientists keep pointing out, proper thought and mental hygiene in life provide stability and better health. It is proven that thoughts create reality.<br/>Positive thinking also improves cognitive abilities and allows better use of sensory organs. |
| 563 ## - BINDING INFORMATION | |
| Binding note | H.B |
| 942 ## - ADDED ENTRY ELEMENTS (KOHA) | |
| Source of classification or shelving scheme | |
| Koha item type | Book |
| Withdrawn status | Lost status | Source of classification or shelving scheme | Damaged status | Not for loan | Permanent Location | Current Location | Date acquired | Total Checkouts | Total Renewals | Full call number | Barcode | Date last seen | Date last checked out | Price effective from | Koha item type |
|---|---|---|---|---|---|---|---|---|---|---|---|---|---|---|---|
| School of Civil and Environmental Engineering (SCEE) | School of Civil and Environmental Engineering (SCEE) | 03/18/2022 | 3 | 1 | 155.9042 HOW | NIT-13587 | 05/17/2023 | 04/28/2023 | 03/18/2022 | Book |
